Káčeří príběhy. Zásah v pravou chvíli Pohádka na 24 stranách ke čtení a poslouchání

Bibliographic Details
Main Author: Disney, Walt, 1901-1966 (Author)
Other Authors: Šafaříková, Pavla (Translator)
Format: Book
Language:Czech
PhysicalDescription:26 s. 18 cm
Published: Bratislava Egmont ČSFR 1991
ISBN:8071340812
Edition:1. vyd.
Series:Veselé čtení s kazetou

MARC

LEADER 00000nam a2200000 a 4500
001 vtls001067284
003 SK-MaSNL
005 20260302063759.0
008 250414s1991 CS 0 cze
015 |a SNBA1992/03 
020 |a 8071340812 
035 |a SNK000010114 
040 |a SNK  |b slo  |c SNK  |e AACR2 
041 0 |a cze 
044 |a [CS] 
080 |a 820 (73)-3(087.5)=850  |2 1981 
080 |a 74  |2 1981 
100 1 |a Disney, Walt,  |d 1901-1966  |4 aut  |9 228783 
245 1 0 |a Káčeří príběhy. Zásah v pravou chvíli  |b Pohádka na 24 stranách ke čtení a poslouchání  |c Walt Disney ; Pavla Šafaříková 
250 |a 1. vyd. 
260 |a Bratislava  |b Egmont ČSFR  |c 1991  |e Roskilde, Dánsko  |f Fair Print 
300 |a 26 s.  |c 18 cm 
366 |e 119 Kčs. 
490 0 |a Veselé čtení s kazetou 
500 |a Príl. knihy je magnetof. kazeta. 
700 1 |a Šafaříková, Pavla  |4 trl  |9 47104 
852 |a Slovenská národná knižnica 
919 |a 80-7134-081-2 
954 |a rozprávky autorské 
958 |a LX 
958 |a CZ 
958 |a DB 
958 |a TL 
958 |a UP 
999 |c 1133997  |d 1135927 
952 |t P60, <05>, [BOOK], {605}  |a SNK  |b SNK  |y PREZ  |7 0  |p 17A0321841  |o snkSC 81019 D1  |i snkKSP 772/92  |0 0  |1 0  |4 0  |d 2001-11-05  |l 0  |r 2004-12-31 00:00:00  |w 2026-02-24 
952 |t P60, <05>, [BOOK], {605}  |a SNK  |b SNK  |y PREZ  |7 0  |p 17A0321840  |o snkSC 81019 príl. D1  |0 0  |1 0  |4 0  |d 2001-11-05  |l 0  |r 2004-12-31 00:00:00  |w 2026-02-24 
952 |a SNK  |b SNK  |y PREZ  |7 0  |p 17A0994712  |o snkSC 81019   |0 0  |1 0  |4 0  |d 2012-08-13  |l 0  |r 2026-02-24 19:13:25  |w 2026-02-24 
952 |a SNK  |b SNK  |y PREZ  |7 0  |p 17A0994713  |o snkSC 81019 príl.   |0 0  |1 0  |4 0  |d 2012-08-13  |l 0  |r 2026-02-24 19:13:25  |w 2026-02-24